Discursos pronunciados en la Real Academia de Ciencias Morales y Políticas con motivo de la recepción pública del Ilmo. Sr. D. Miguel Sanz y Lafuente, en 27 de mayo de 1860. (Record no. 164784)

MARC details
000 -LEADER
campo de control de longitud fija 01216nam a22002535i 4500
001 - NÚMERO DE CONTROL
campo de control 164784
003 - IDENTIFICADOR DE NÚMERO DE CONTROL
campo de control ES-MaACL
005 - FECHA Y HORA DE LA ÚLTIMA TRANSACCIÓN
campo de control 20250930063145.0
008 - DATOS DE LONGITUD FIJA--INFORMACIÓN GENERAL
campo de control de longitud fija 991215s1860 sp |||| | spa d
080 ## - NÚMERO DE LA CLASIFICACIÓN DECIMAL UNIVERSAL
Número de la Clasificación Decimal Universal 27-42
080 ## - NÚMERO DE LA CLASIFICACIÓN DECIMAL UNIVERSAL
Número de la Clasificación Decimal Universal 17
100 1# - ENTRADA PRINCIPAL--NOMBRE DE PERSONA
Nombre de persona Sanz Lafuente, Miguel,
Fechas asociadas al nombre 1804-1880
9 (RLIN) 132464
245 10 - MENCIÓN DEL TÍTULO
Título Discursos pronunciados en la Real Academia de Ciencias Morales y Políticas con motivo de la recepción pública del Ilmo. Sr. D. Miguel Sanz y Lafuente, en 27 de mayo de 1860.
260 ## - PUBLICACIÓN, DISTRIBUCIÓN, ETC.
Lugar de publicación, distribución, etc. Madrid :
Nombre del editor, distribuidor, etc. [s.n.],
Fecha de publicación, distribución, etc. 1860 (
Fabricante Imp. de Tejado, a cargo de Rafael Ludeña)
300 ## - DESCRIPCIÓN FÍSICA
Extensión 100 p. ;
Dimensiones 26 cm.
505 8# - NOTA DE CONTENIDO CON FORMATO
Nota de contenido con formato Contiene: Discurso del Sr. D. Miguel Sanz . Contestacion del Sr. D. Santiago de Tejada
594 ## - Nota al título y mención de responsabilidad
Nota al título y mención de responsabilidad Tema de los discursos: "La moral cristiana ha sido el poderoso elemento de nuestra civilización: la moral filosófica, por si sola, era impotente"
650 #7 - PUNTO DE ACCESO ADICIONAL DE MATERIA--TÉRMINO DE MATERIA
Término de materia o nombre geográfico como elemento de entrada Moral cristiana
Fuente del encabezamiento o término embne
9 (RLIN) 142371
650 #7 - PUNTO DE ACCESO ADICIONAL DE MATERIA--TÉRMINO DE MATERIA
Término de materia o nombre geográfico como elemento de entrada Ética
Fuente del encabezamiento o término embne
9 (RLIN) 12577
700 1# - ENTRADA AGREGADA--NOMBRE PERSONAL
Nombre de persona Tejada, Santiago de.
9 (RLIN) 133165
710 2# - ENTRADA AGREGADA--NOMBRE DE ENTIDAD CORPORATIVA
Nombre de entidad corporativa o nombre de jurisdicción como elemento de entrada Real Academia de Ciencias Morales y Políticas (España)
9 (RLIN) 222050
852 4# - LOCALIZACIÓN
Ubicación ES-MaACL
Número de control de estantería T-54-F-4
Nota libre - Enc. hol., falto de cub. original
-- - Enc. en un vol. facticio
Holdings
Estatus retirado Estado de pérdida Estado de daño No para préstamo Colección Biblioteca de origen Biblioteca actual Ubicación en estantería Fecha de adquisición Total de préstamos Signatura topográfica completa Código de barras Visto por última vez Precio de reemplazo Tipo de ítem Koha
        Colección de folletos Biblioteca del Ateneo de Madrid Biblioteca del Ateneo de Madrid Depósito folletos 17/01/2008   T-54-F-4 1172742 23/02/2023 23/02/2023 Folleto